Sklad stavebného materiálu pre budúcnosť – garáže pre Bratislavu

Gespeichert in:
Bibliographische Detailangaben
1. Verfasser: Rózsová, Kristína (Verfasst von)
Weitere Verfasser: Paňák, Pavel (Betreuung Doktorarbeit)
Format: Manuskript Buch
Sprache:Slowakisch
Veröffentlicht: 2025
Schlagworte:
Online-Zugang:http://is.stuba.sk/zp/portal_zp.pl?podrobnosti=185034
Tags: Tag hinzufügen
Keine Tags, Fügen Sie das erste Tag hinzu!

MARC

LEADER 00000ntm a22000003a 4500
001 stuzp104922
003 SK-STU
005 20250607210947.6
007 ta
008 150427s2015----xo-----f-mn---000-0-slo-d
040 |a STU  |b slo 
041 0 |a slo 
100 1 |a Rózsová, Kristína  |u 051110  |4 aut  |U FAD Fakulta architektúry a dizajnu  |T FAD Ústav architektúry obytných budov  |X 103781  |U A1110  |Y 392  |7 103781 
242 0 1 |a Building material warehouse for the future – garages for Bratislava  |y eng 
245 1 0 |a Sklad stavebného materiálu pre budúcnosť – garáže pre Bratislavu 
260 |c 2025 
650 4 |a social housing  |2 eng 
650 4 |a sustainability  |2 eng 
650 4 |a reversible parking structure  |2 eng 
650 4 |a nájomné bývanie  |2 slo 
650 4 |a reverzibilný parkovací dom  |2 slo 
650 4 |a udržateľnosť  |2 slo 
700 1 |a Paňák, Pavel  |u 051110  |k Z1  |4 ths  |U FAD Fakulta architektúry a dizajnu  |T FAD Ústav architektúry obytných budov  |X 70322  |U A1110  |Y 392  |7 A000070322 
856 4 |u http://is.stuba.sk/zp/portal_zp.pl?podrobnosti=185034